000 00696nam a2200253 i 4500
001 C2-0216240
003 PPAK
005 20180728104910.0
008 990516s1995 my a|||| ||||| | may d
020 _a9835004781
040 _aPPAK
_beng
_cPPAK
_erda
082 0 4 _a398.2
_2 23
090 0 0 _a398.2
_bHEL
_dK
245 0 0 _aHelen Keller
264 1 _aJohor Bahru, Johor :
_bPelangi ,
_c1995
300 _a[18 pages] :
_bcolour illustrations ;
_c17 cm
336 _2rdacontent
_atext
337 _2rdamedia
_aunmediated
338 _2rdacarrier
_avolume
490 1 _aCerita Pari-pari Pelangi
650 1 0 _aFolk literature, Malay
830 0 _aCerita Pari-pari Pelangi
942 _ddc
_cB
999 _c159901
_d159901